000 00925nam a2200241 i 4500
003 DO-SdBNP
005 20240527101818.0
006 a||||gr|||| 00| 0
007 ta
008 210428e1988 dr ||||er|||| 10| 0 spa d
040 _aDO-SdBNP
_bspa
_cBNPHU
_erda
082 4 _bS471i
_222
111 2 _aSeminario internacional sobre administración, contabilidad y finanzas en las cooperativas
_d(1987:
_cSanto Domingo, República Dominicana)
_978510
245 1 0 _a[Anales] del seminario internacional sobre administración, contabilidad y finanzas en las cooperativas /
264 _aSanto Domingo:
_bElizabeth,
_c1988
300 _a160 páginas ;
_c21 cm.
336 _2rdacontent
_atexto
_btxt
337 _2rdamedia
_asin mediación
_bn
338 _2rdacarrier
_avolumen
_bnc
590 _aInventariado 2024 / MF
710 1 _aRepública Dominicana.
_bInstituto de Desarrollo y Crédito Cooperativo
_957333
942 _2ddc
_cLBS1
999 _c49791
_d49791